00635nam a2200145 a 450000100100000000500170001000800410002702000150006804000250008324501620010826000750027030000210034571000690036671000540043500004333320250909091243.0140310s1997 sp 000 0 spa d a8472327876 aDO-SdBNPbspacBNPHU03aLa Cooperación Descentralizada al Desarrollo desde los Gobiernos Regionales y Locales. /cGrupo de Trabajo sobre Cooperación Internacional al Desarrollo. aValencia, :bAgencia Española de Cooperación Internacional,c1997. a202 p. ;c24 cm.12aGrupo de Trabajo sobre Cooperación Internacional al Desarrollo22aAgencia Española de Cooperación Internacional